| 000 | 00644nam a2200241Ia 4500 | ||
|---|---|---|---|
| 003 | OSt | ||
| 005 | 20140407105149.0 | ||
| 008 | 140130s9999 xx 000 0 und d | ||
| 020 | _a9780439841160 | ||
| 050 |
_aPZ 7 _b.St43926 2006 |
||
| 100 | _aStilton, Geronimo. | ||
| 245 |
_cGeronimo Stilton. _aSearch for the sunken / |
||
| 260 |
_bScholastic Inc., _aUSA : _cc2006. |
||
| 300 |
_a108 p. : _bcol. ill. ; _c23 cm. |
||
| 440 | _v1 | ||
| 521 | _aG3 | ||
| 526 | _c490 | ||
| 650 |
_aMice _xFiction. _931464 |
||
| 650 |
_aBuried treasure _xFiction. _931465 |
||
| 650 |
_aNewspapers _xFiction. _931466 |
||
| 942 |
_cBK _2lcc |
||
| 999 |
_c42264 _d42264 |
||